|
|
|
|
| LEADER |
00000nab a2200000ua 4500 |
| 001 |
vtls010777946 |
| 003 |
SK-MaSNL |
| 005 |
20260303102727.0 |
| 008 |
230121s1999 xo |||||||||||||||||slo| |
| 035 |
|
|
|a (urnnbn)urn:nbn:sk:snk:ar-a04mf5
|
| 035 |
|
|
|a (uuid)a05c63a7-deb9-4681-b8e7-47431838f106
|
| 035 |
|
|
|a urn:nbn:sk:snk-ab4txi
|
| 040 |
|
|
|a SNKBUCL
|b slo
|c SNKBUCL
|e AACR2
|
| 041 |
0 |
|
|a slo
|
| 044 |
|
|
|a xo
|c SK
|
| 100 |
1 |
|
|a Margetiaková, Janka
|4 aut
|9 1116056
|
| 245 |
1 |
0 |
|a SOCIÁLNE ZĽAVY VO VEREJNEJ HROMADNEJ PREPRAVE OSÔB II.
|c Janka Margetiaková, Stanislav Hreusík
|
| 700 |
1 |
|
|a Hreusík, Stanislav
|4 aut
|9 10799
|
| 773 |
0 |
|
|t Horizonty dopravy : časopis pre vedu a výskum v doprave
|g Roč. 7, č. 1 (1999), s. 14-17
|
| 954 |
|
|
|a odborná, vedecká literatúra pôvodná (slovenská)
|2 lita
|
| 958 |
|
|
|a OND
|
| 958 |
|
|
|a EUIPO
|
| 958 |
|
|
|a article3
|
| 999 |
|
|
|c 1844522
|d 1846452
|